La inmatriculacin̤ por tt̕ulo pb︢lico :procedimiento y efectos /

Detalles Bibliográficos
Autor principal: Herrero Oviedo, Margarita
Formato: Desconocido
Lenguaje:español
Publicado: Madrid : Dykinson, D.L 2006
Materias:
Acceso en línea:Acceso restringido

MARC

LEADER 00000ny a22000003n 4500
005 2011062204014.0
008 100909s2010 sp | |0| 0|spa d
017 |a D. L M 47021-2006 
020 |a 9788497729468 
035 |a 4981 
040 |a BUS  |d vLex 
080 |a 35.073.533:347.235(460) 
090 |c 1006  |d 1006 
100 1 |a Herrero Oviedo, Margarita 
245 1 3 |a La inmatriculacin̤ por tt̕ulo pb︢lico  |h [Recurso electrn̤ico]  |b :procedimiento y efectos /  |c Margarita Herrero Oviedo 
256 |a Servicio en ln̕ea 
260 |a Madrid :  |b Dykinson,  |c D.L 2006 
300 |a 592 p. ;  |c 24 cm 
504 |a Bibliogr. 
506 1 |a Contenido solo disponible en los productos indicados  |d vLex Global  |d vLex Global (Academic Edition, excluding Law Schools)  |d vLex Global (U.S. Academic Edition, Law Schools)  |d vLex Global (U.S. Academic Edition, excluding Law Schools)  |d vLex Global (Academic Edition, Law Schools) 
650 0 7 |a Inmatriculacin̤ de fincas   |2 Tesauro vLex 
650 0 7 |a Derecho registral  |2 Tesauro vLex 
650 0 7 |a Inmobiliario y registral  |2 Tesauro vLex 
740 0 |a vLex Libros (Servicios en ln̕ea) 
856 4 0 |u http://vlex.com/source/4981  |z Acceso restringido 
942 |c BOOK